000 01141nam a2200217 i 4500
001 170687
003 ES-MaACL
005 20240229194805.0
008 090330q18601869fr f |||| | fre d
080 _a72(430)"18"
245 0 2 _aL'architecture allemande au XIXe. siècle
_b: recueil de maisons de ville et de campagne : villas, chalets, kiosques, décorations intérieures, décorations de jardins, etc. /
_cpublié par une Societé d'Architectes Allemands.
260 _aParis :
_bA. Morel et Cie, libr. :
_bErnst et Kom,
_c[1860-1869]
300 _a10 v. (lám. col. y n.) ;
_c36 x 28 cm.
595 _aEd. francesa de: Arkitectonisches Skizzenbuch. - 10 años.
595 _awww.rero.ch 31/10/2003 da como fecha del v. 1: 1860.
599 _aLas 36 lám. litográficas de cada v. representan: fachadas, planos y decoraciones, interiores y exteriores, de edificios.
650 7 _aArquitectura alemana
_2
_9161465
650 4 _aDecoración y ornamentación arquitectónica.
_9151448
852 _aES-MaACL
_jZ-157-166
_z.- Sello: "Testamentaría de Rafael Monleón, año 1900"
_xOlim: G-5398-5407
999 _c170687
_d170687